000 00678nam a2200253Ia 4500
003 OSt
005 20221006160759.0
006 a|||||r|||| 00| 0
007 ta
008 221006b |||||||| |||| 00| 0 eng d
020 _a9791156620457
_cRs7500.00
024 _a46,330
037 _cTextual
040 _aEASL
_cEASL
_beng
041 _2eng
_aeng
082 _aO495,3N72,1, 111Q4
100 _aHYOUNG SU Park
_9675045
245 0 _aArpan
260 _aSEOUL
_bAsia Publishers Korea
_c2014
300 _a128p.
_ccm.
490 _v KEL
_aK-Fiction Series
942 _hO495,3N72,1, 111Q4
_cTEXL
_2CC
999 _c1114422
_d1114422